00819cam a22002173a 45000010005000000030006000050050017000110080041000280400015000690420007000840500009000911000050001002450263001502600029004135060030004425160020004726530015004926530025005078300028005328560041005603227PGUSA20140828083027.0020501s2002||||xxu|||||s|||||000 | eng d aPGUSAbeng adc 4aD5011 aMilitia of Mercy. Gift Book Committeeq(U.S.)10aDefenders of Democracy :bContributions from representative men and women of letters and other arts from our allies and our own country, edited by the Gift book committee of the Militia of Mercyh[electronic resource] /cMilitia of Mercy. Gift Book Committee bProject Gutenberg,c2002 aPublic domain in the USA. aElectronic text aGift books aWorld War, 1914-1918 0aProject Gutenbergv322740uhttp://www.gutenberg.org/ebooks/3227